Tribhuvan University Central Library

Teaching and researching language and culture (Record no. 31763)

MARC details
000 -LEADER
fixed length control field 006370000a22002650004500
082 ## - DEWEY DECIMAL CLASSIFICATION NUMBER
Classification number 420.7
Item number H143t
041 ## - LANGUAGE CODE
Language code of text/sound track or separate title Eng
100 ## - MAIN ENTRY--PERSONAL NAME
Personal name Hall, John Kelly
245 ## - TITLE STATEMENT
Title Teaching and researching language and culture
260 ## - PUBLICATION, DISTRIBUTION, ETC. (IMPRINT)
Place of publication, distribution, etc London
Name of publisher, distributor, etc Longman, Pearson Education
260 ## - PUBLICATION, DISTRIBUTION, ETC. (IMPRINT)
Date of publication, distribution, etc 2002
300 ## - PHYSICAL DESCRIPTION
Extent x,212p.
440 ## - SERIES STATEMENT/ADDED ENTRY--TITLE
Title Applied linguistic in actions
500 ## - GENERAL NOTE
General note Bibliography: p.219-236
536 ## - FUNDING INFORMATION NOTE
Text of note BAI
518 ## - DATE/TIME AND PLACE OF AN EVENT NOTE
Date/time and place of an event note 20040607
530 ## - ADDITIONAL PHYSICAL FORM AVAILABLE NOTE
Additional physical form available note M
650 ## - SUBJECT ADDED ENTRY--TOPICAL TERM
Topical term or geographic name as entry element English languages
650 ## - SUBJECT ADDED ENTRY--TOPICAL TERM
Topical term or geographic name as entry element Culture
650 ## - SUBJECT ADDED ENTRY--TOPICAL TERM
Topical term or geographic name as entry element Study guide
650 ## - SUBJECT ADDED ENTRY--TOPICAL TERM
Topical term or geographic name as entry element Research
650 ## - SUBJECT ADDED ENTRY--TOPICAL TERM
Topical term or geographic name as entry element Linguistics
650 ## - SUBJECT ADDED ENTRY--TOPICAL TERM
Topical term or geographic name as entry element Language teaching
942 ## - ADDED ENTRY ELEMENTS (KOHA)
Koha item type General Collections
Holdings
Withdrawn status Lost status Damaged status Not for loan Home library Current library Date acquired Total Checkouts Barcode Date last seen Date checked out Price effective from
        Tribhuvan University Central Library Tribhuvan University Central Library 06/20/2010 3 G59982 04/23/2018 04/12/2018 06/20/2010